| 000 | 01012nam a22003017a 4500 | ||
|---|---|---|---|
| 001 | 9312 | ||
| 003 | FISKH | ||
| 005 | 20251210094222.0 | ||
| 008 | 251210b cb ||||| |||| 00| 0 eng d | ||
| 020 | _a033500113222 | ||
| 040 |
_aFISKH _beng _cFISKH _dFISKH |
||
| 050 | _aQK49 .D635 | ||
| 082 | _a581 | ||
| 100 |
_aDonati, Annabelle _eAuthor |
||
| 245 |
_aI wonder what a rainforest is : _band other neat facts about plants / _cBy Annabelle Donati ; Illustrated by Sharron O'Neil |
||
| 260 |
_aNew York : _bWestern Publishing Company, Inc. , _c1992 |
||
| 300 |
_a32 pages : _bcolor illustrations ; _c28 cm |
||
| 490 | _aFun facts for curious kids | ||
| 505 | _aP | ||
| 520 | _aAmazing but true facts about the wide variety of plants, seeds, and the rain forests. | ||
| 521 | 8 |
_a650
_bLexile estimate |
|
| 521 | 8 |
_aP
_bRaz-Plus |
|
| 650 |
_aScience and reason _vRainforests |
||
| 650 |
_aI Wonder books _vJungle |
||
| 700 |
_aO'Neil, Sharron _eIllustrator |
||
| 942 |
_2ddc _cBK _n0 |
||
| 999 |
_c9312 _d9312 |
||